000 00417nam a2200157 4500
001 117900
003 ES-MaACL
005 20230906191006.0
007 t|
008 070214s1952 sp r ||||1| cat d
100 1 _aPerelló, Rosendo.
_990502
245 1 0 _aBonics /
_cRosendo Perelló.
260 _aBarcelona :
_bTorrell de Reus,
_c1952.
300 _aXI, 162 p. ;
_c13 cm.
852 _aES-MaACL
_jD-8385
_bR.32611
999 _c117900
_d117900